Tratado jurisprudencial y doctrinario. derecho civil. Reales / Tomo II :
Guardado en:
| Otros Autores: | , , , |
|---|---|
| Formato: | Libro |
| Idioma: | Spanish |
| Publicado: |
Buenos Aires :
La Ley,
2009
|
| Edición: | 1a. ed. |
| Materias: | |
| Etiquetas: |
Agregar Etiqueta
Sin Etiquetas, Sea el primero en etiquetar este registro!
|
| LEADER | 00663nam a22002055a 4500 | ||
|---|---|---|---|
| 001 | DER.der009606 | ||
| 008 | 180615s2009####ag#||||||||||||||#||spa|| | ||
| 005 | 20250919172946.0 | ||
| 245 | 1 | 0 | |a Tratado jurisprudencial y doctrinario. |n Tomo II : |b derecho civil. Reales / |c dirigido por Claudio M. Kiper. |
| 250 | |a 1a. ed. | ||
| 260 | |a Buenos Aires : |b La Ley, |c 2009 | ||
| 300 | |a 1054 p. | ||
| 020 | |a 9789870315827 | ||
| 700 | 1 | |a Kiper, Claudio M., |e dir. | |
| 700 | 1 | |a Malizia, Roberto | |
| 700 | 1 | |a Fognini, Ariel Ignacio | |
| 700 | 1 | |a Rodríguez, Juan Pablo | |
| 700 | 1 | |a Zelaya, Mario A. | |
| 650 | 7 | |a DERECHOS REALES | |
| 859 | |a DERECHO |b BIB. DERECHO |h 346 |i KIP |p 006267 |3 Tomo II | ||
